<?xml version="1.0" encoding="UTF-8"?>
<marc:record xmlns:marc="http://www.loc.gov/MARC21/slim">
   <marc:leader>00000nam a2200000 a 4500</marc:leader>
   <marc:datafield ind1="1" ind2=" " tag="100">
      <marc:subfield code="a">Wacker, Sabine</marc:subfield>
      <marc:subfield code="4">aut</marc:subfield>
      <marc:subfield code="e">Verfasser/-in</marc:subfield>
   </marc:datafield>
   <marc:datafield ind1=" " ind2=" " tag="653">
      <marc:subfield code="a">Ratgeber</marc:subfield>
   </marc:datafield>
   <marc:datafield ind1=" " ind2=" " tag="653">
      <marc:subfield code="a">Fasten</marc:subfield>
   </marc:datafield>
   <marc:datafield ind1=" " ind2=" " tag="653">
      <marc:subfield code="a">basische Ernährung</marc:subfield>
   </marc:datafield>
   <marc:datafield ind1="0" ind2="0" tag="245">
      <marc:subfield code="a">Basenfasten</marc:subfield>
   </marc:datafield>
   <marc:datafield ind1=" " ind2="1" tag="264">
      <marc:subfield code="b">Gräfe und Unzer Verlag GmbH</marc:subfield>
      <marc:subfield code="c">2019</marc:subfield>
   </marc:datafield>
   <marc:datafield ind1="1" ind2=" " tag="490">
      <marc:subfield code="a">Ratgeber Gesundheit</marc:subfield>
   </marc:datafield>
   <marc:datafield ind1="1" ind2=" " tag="520">
      <marc:subfield code="a">Klappentext: Basenfasten ist die Alternative für alle, die gerne fasten würden, aber aufs Essen nicht verzichten wollen. Die positiven Wirkungen des Fastens lassen sich auch erzielen, indem Sie für begrenzte Zeit, zum Beispiel eine Woche, konsequent allen Säure bildenden Lebensmittel die rote Karte zeigen. Der Lohn der 100-prozentigen Basenkost: weniger Gewicht, mehr Wohlbefinden, schöne Haut, straffes Bindegewebe und Entlastung pur für die Verdauungsorgane. Auf den Speiseplan kommt dabei vor allem frisches, reifes Obst und Gemüse - saisonal ausgewählt! Für jede Jahreszeit gibt es Hintergrundinfos zum Stoffwechsel, nützliche Tipps und jeweils passende basische Rezepte. Die Methode der Autorin ist absolut alltagstauglich und praxiserprobt. Das Buch enthält außerdem einen nach Monaten sortierten herausnehmbaren Einkaufsguide (Folder).  Über den Autor und weitere Mitwirkende Sabine Wacker hat nach ihrer Ausbildung zur Apothekenhelferin und pharmazeutisch­-technischen Assistentin Medizin studiert (1. Staatsexamen). Seit 1994 praktiziert sie als Heilpraktikerin in Mannheim, hält Vorträge, gibt unter anderem auch für Apotheker und Ärzte Seminare und Schulungen zu den Themen Ernährung, Basenfasten und Schüßlersalze. 1996 hat sie die Erfolgsmethode »basenfasten - die Wacker-­Methode®« entwickelt und 2014 mit ihrem Sohn Matteo Wacker das basenfasten Hotelkonzept mit inzwischen über 25 zertifizierten basenfasten Hotels ins Leben gerufen. Sie hat bereits zahlreiche Bücher zu Basenfasten und Naturheilkunde veröffentlicht. Ihr großes Anliegen ist es, Menschen dabei zu helfen, Ihre Ernährungs- und Lebensweise zu verbessern.</marc:subfield>
   </marc:datafield>
   <marc:datafield ind1=" " ind2=" " tag="020">
      <marc:subfield code="a">9783833871153</marc:subfield>
      <marc:subfield code="9">9783833871153</marc:subfield>
   </marc:datafield>
</marc:record>
